00925cam a2200253 a 450000100100000000500170001000800410002702000150006804000230008308200180010610000450012424500790016926000300024830000210027849000250029949000240032465000290034865000310037770000360040883000570044491000340050195201210053599900150065600000486420200929151524.0831202s1981 sp b 000 p spa  a8420618578 aDO-SdBNPcDLCdDLC a861.64bG463a1 aGil de Biedma, Jaime,d1929-1990.91409410aAntología poética /cJaime Gil de Biedma ; prólogo de Javier Alfaya. aMadrid :bAlianza,c1981. a134 p. ;c18 cm.1 aEl libro de bolsillo1 aLiteraturavno. 857 4aPoesía española9631 4aLiteratura española96321 aAlfara, Javier,epról.914095 0aEl libro de bolsillo ;pLiteratura ;vno. 857.98060 aCatalogación por copia / LC 001052708MOaGRbGRcCTd2009-07-27iLF1l0o861.64 G463ap4864-10r2020-06-25w2020-06-25y2ZPréstamo interno c4670d4670